[Event "ICS rated blitz match"]
[Site "204.178.125.65"]
[Date "2000.02.06"]
[Round "?"]
[White "Hossa"]
[Black "Varguz"]
[Result "0-1"]
[WhiteElo "2377"]
[BlackElo "2746"]
[PlyCount "126"]

1. e4 e5 2. Nf3 Nc6 3. Bc4 Nf6 4. d3 Be7 5. O-O O-O 6. Re1 d6 7. c3 Na5 8. Bb5
a6 9. Ba4 b5 10. Bc2 c5 11. d4 Bg4 12. dxe5 Bxf3 13. Qxf3 dxe5 14. Rd1 Qc7 15.
Bg5 Rfd8 16. Nd2 Rd6 17. a4 Rad8 18. axb5 axb5 19. Qe2 c4 20. Qf3 Nc6 21. b3 h6
22. Bxf6 Rxd2 23. Bxe7 Qxe7 24. Rxd2 Rxd2 25. Ra2 Qd8 26. bxc4 bxc4 27. Kf1 Ne7
28. Ke1 Ng6 29. Qe3 Rd7 30. g3 Qc8 31. Kf1 Rd6 32. Ra7 Qh3+ 33. Ke2 Qh5+ 34.
Ke1 Qxh2 35. Rc7 Qh1+ 36. Ke2 Qh5+ 37. Ke1 Rd8 38. Rxc4 Qh1+ 39. Ke2 Nf8 40.
Rc7 Ne6 41. Ra7 Rc8 42. Kd2 Rb8 43. Qd3 Ng5 44. Ra2 Nf3+ 45. Ke2 Nh2 46. Bd1
Qf1+ 47. Ke3 Qe1+ 48. Qe2 Qxc3+ 49. Qd3 Qe1+ 50. Qe2 Ng4+ 51. Kd3 Nxf2+ 52. Kc2
Qb4 53. Qxf2 Qb3+ 54. Kc1 Qb1+ 55. Kd2 Rd8+ 56. Qd4 Rxd4+ 57. Ke3 Qxe4+ 58. Kf2
Rxd1 59. g4 Rd3 60. Ra8+ Qxa8 61. g5 Qf3+ 62. Kg1 Rd1+ 63. Kh2 Rh1# 0-1

[Event "ICS rated blitz match"]
[Site "204.178.125.65"]
[Date "2000.02.06"]
[Round "?"]
[White "Varguz"]
[Black "Hossa"]
[Result "1-0"]
[WhiteElo "2749"]
[BlackElo "2374"]
[PlyCount "143"]

1. c4 e6 2. Nf3 Nf6 3. d4 d5 4. cxd5 exd5 5. Nc3 Be7 6. Qc2 O-O 7. Bg5 h6 8.
Bxf6 Bxf6 9. e3 Nc6 10. Be2 Re8 11. O-O Rb8 12. h3 Qd6 13. a3 g6 14. b4 Bg7 15.
Bd3 Ra8 16. Rac1 Be6 17. Na4 Re7 18. b5 Nd8 19. Nc5 Bc8 20. Qa4 Ne6 21. Rc2
Nxc5 22. Rxc5 Be6 23. Rfc1 Qb6 24. Qc2 Rc8 25. a4 Kf8 26. Qa2 Kg8 27. a5 Qd6
28. a6 Rb8 29. Qc2 Qb6 30. axb7 Kh8 31. Rc6 Qxb7 32. Rxc7 Rxc7 33. Qxc7 Bd7 34.
Ne5 Be6 35. Qxb7 Rxb7 36. Nc6 f5 37. Nd8 Re7 38. Nxe6 Rxe6 39. Rc6 Re7 40. Kf1
Kh7 41. g4 fxg4 42. hxg4 Bf8 43. Rxg6 Kh8 44. Rf6 Kg8 45. Rd6 Rg7 46. Rxd5 Rc7
47. f4 Kg7 48. Ke2 Be7 49. Re5 Bf6 50. Re6 Re7 51. Rd6 Rc7 52. d5 Rf7 53. Rc6
Rd7 54. d6 Rd8 55. Bf5 Rb8 56. Rc7+ Kg8 57. Be6+ Kh8 58. d7 Rxb5 59. Rc8+ Kg7
60. Rg8+ Kh7 61. Rf8 Rb2+ 62. Kf3 Bh4 63. Rf7+ Kh8 64. g5 Rf2+ 65. Ke4 Bxg5 66.
fxg5 Rxf7 67. Bxf7 Kg7 68. d8=Q Kxf7 69. Kf5 a6 70. Qd7+ Kf8 71. Kf6 hxg5 72.
Qd8# 1-0

[Event "ICS unrated blitz match"]
[Site "204.178.125.65"]
[Date "2000.02.06"]
[Round "?"]
[White "Hossa"]
[Black "Yobes"]
[Result "0-1"]
[WhiteElo "2371"]
[BlackElo "1872"]
[PlyCount "39"]

1. e4 e5 2. Nf3 Nf6 3. Nc3 Nc6 4. d4 exd4 5. Nd5 Nxd5 6. exd5 Bb4+ 7. Bd2 Qe7+
8. Qe2 Bxd2+ 9. Kxd2 Qxe2+ 10. Bxe2 Ne7 11. d6 cxd6 12. Nxd4 Kd8 13. Nb5 Nf5
14. Bd3 a6 15. Bxf5 axb5 16. Rhe1 b4 17. f4 Ra5 18. Bd3 Re8 19. Rxe8+ Kxe8 20.
Re1+ 0-1

[Event "ICS unrated blitz match"]
[Site "204.178.125.65"]
[Date "2000.02.06"]
[Round "?"]
[White "Hossa"]
[Black "Yobes"]
[Result "0-1"]
[WhiteElo "2371"]
[BlackElo "1872"]
[PlyCount "57"]

1. e4 e5 2. Nf3 Nf6 3. Nxe5 d6 4. Nf3 Nxe4 5. c4 Nc6 6. d3 Nf6 7. Be2 d5 8. O-O
Be7 9. d4 dxc4 10. Bxc4 Bg4 11. Bb5 O-O 12. Bxc6 bxc6 13. Nc3 Re8 14. Re1 Bd6
15. Rxe8+ Qxe8 16. Bg5 Nd5 17. h3 Be6 18. Qc2 Qd7 19. Re1 h6 20. Be3 Rb8 21.
Bc1 Nb4 22. Qa4 Nd3 23. Rd1 Nxc1 24. Rxc1 Rxb2 25. Qxa7 Bd5 26. Nxd5 cxd5 27.
Qa8+ Kh7 28. Rd1 Qf5 29. Rf1 0-1

[Event "ICS rated blitz match"]
[Site "204.178.125.65"]
[Date "2000.02.06"]
[Round "?"]
[White "Hossa"]
[Black "Amateur"]
[Result "0-1"]
[WhiteElo "2367"]
[BlackElo "2462"]
[PlyCount "104"]

1. e4 c6 2. d4 d5 3. exd5 cxd5 4. c4 Nf6 5. Nc3 Nc6 6. Nf3 Bg4 7. cxd5 Bxf3 8.
gxf3 Nxd5 9. Qb3 e6 10. Qxb7 Nxd4 11. Bb5+ Nxb5 12. Qc6+ Ke7 13. Qxb5 Qd7 14.
Qe2 Ke8 15. Nxd5 Qxd5 16. O-O Bd6 17. f4 Qf5 18. Qf3 Rb8 19. Rd1 Qg6+ 20. Kf1
Ke7 21. Rxd6 Kxd6 22. Qa3+ Kc7 23. Qxa7+ Rb7 24. Qc5+ Kd8 25. Qa3 Kd7 26. Qe3
Ra8 27. Qc3 Rb5 28. f5 Rxf5 29. Bf4 Rc8 30. Qb4 Rd5 31. Qb7+ Kd8 32. Re1 Qf5
33. Bg3 Rc2 34. Kg1 Rdd2 35. a3 Rxb2 36. Qa8+ Ke7 37. Qa7+ Ke8 38. Qa4+ Qb5 39.
Qa8+ Rd8 40. Qe4 Qd3 41. Qc6+ Kf8 42. Qc5+ Kg8 43. Qe7 Ra8 44. Bd6 Rc8 45. Qd7
Rbc2 46. Qe7 Rc1 47. Rxc1 Rxc1+ 48. Kg2 Qf1+ 49. Kf3 Rc3+ 50. Kg4 Qh3+ 51. Kg5
Qh6+ 52. Kg4 f5# 0-1

[Event "ICS rated standard match"]
[Site "204.178.125.65"]
[Date "2000.02.06"]
[Round "?"]
[White "TSCP"]
[Black "Hossa"]
[Result "0-1"]
[WhiteElo "1920"]
[BlackElo "2240"]
[PlyCount "96"]

1. e4 e5 2. Nf3 Nf6 3. Nc3 Nc6 4. Bc4 Nxe4 5. Nxe4 d5 6. Bd3 dxe4 7. Bxe4 Ne7
8. d4 f5 9. Bxb7 Bxb7 10. dxe5 Qxd1+ 11. Kxd1 Bxf3+ 12. gxf3 Nc6 13. Re1 O-O-O+
14. Bd2 Rd5 15. f4 Bb4 16. c3 Rhd8 17. Re2 Nd4 18. Re3 Ne6 19. Ke1 Rxd2 20.
cxb4 Nxf4 21. Rf3 g5 22. h4 Ng2+ 23. Kf1 Nxh4 24. Rb3 R8d4 25. Re1 Rf4 26. Re2
Rd1+ 27. Re1 Rxe1+ 28. Kxe1 Rf3 29. Kf1 Rxb3 30. axb3 Kd7 31. Ke2 Ke6 32. Ke3
Kxe5 33. Kd3 g4 34. Ke2 h5 35. b5 f4 36. Kd3 Ng6 37. Ke2 f3+ 38. Kf1 h4 39. b4
g3 40. fxg3 hxg3 41. b6 cxb6 42. b5 Nf4 43. Ke1 f2+ 44. Kd2 f1=Q 45. Kc3 Qd3+
46. Kb4 Ne2 47. Ka4 Nd4 48. Kb4 Qb3# 0-1

[Event "ICS unrated standard match"]
[Site "204.178.125.65"]
[Date "2000.02.06"]
[Round "?"]
[White "Hossa"]
[Black "Amateur"]
[Result "0-1"]
[WhiteElo "2240"]
[BlackElo "2328"]
[PlyCount "204"]

1. e4 e5 2. Nf3 Nc6 3. Bb5 a6 4. Ba4 Nf6 5. O-O Be7 6. Bxc6 dxc6 7. d3 Qd6 8.
Nbd2 Be6 9. Qe2 O-O-O 10. b3 Nh5 11. Nc4 Bxc4 12. bxc4 Nf4 13. Bxf4 exf4 14.
Rab1 h5 15. Rb3 g5 16. Rfb1 g4 17. Nd2 b6 18. Kh1 Qe5 19. a3 Bd6 20. f3 g3 21.
c3 Qa5 22. c5 Qxc5 23. d4 Qg5 24. Qxa6+ Kd7 25. e5 Be7 26. Ne4 Qg6 27. h3 Ra8
28. Qd3 Kc8 29. Kg1 Qe6 30. Qd2 Qf5 31. Qc2 Qd7 32. Qc1 Qf5 33. Qd1 Ra5 34. Qc2
Qe6 35. Qd2 Qf5 36. Ra1 Rd8 37. Qb2 Qe6 38. Rb1 c5 39. Qc2 h4 40. Kh1 Kb7 41.
Qb2 Rda8 42. Qc1 c4 43. Rb5 Rxb5 44. Rxb5 Rxa3 45. Rb1 Qf5 46. Qc2 Ka8 47. Qb2
Ra5 48. Kg1 Kb8 49. Qe2 Ra4 50. Re1 Qe6 51. Qd2 Qf5 52. Qb2 Ra5 53. Kh1 Qg6 54.
Rb1 Qe6 55. Qd2 Qf5 56. Qe2 Ra4 57. Kg1 Qg6 58. Rd1 Qe6 59. Qd2 Qf5 60. Qb2 Ra5
61. Qe2 Qe6 62. Qd2 Qh6 63. Rb1 Kc8 64. Qe2 Ra4 65. d5 Ba3 66. Qd2 Ra5 67. Kh1
Qh7 68. d6 Qf5 69. dxc7 Be7 70. Qd4 Qxe5 71. Qxb6 Qxc7 72. Qd4 Re5 73. Ra1 Ra5
74. Qh8+ Bd8 75. Rd1 Qd7 76. Rg1 f5 77. Nf6 Qa7 78. Rd1 Qe7 79. Ng8 Qd7 80. Rg1
Qe6 81. Qh7 Re5 82. Nh6 Be7 83. Qg7 Bc5 84. Nf7 Re1 85. Nd6+ Bxd6 86. Qa7 Bb8
87. Qd4 Kb7 88. Qd2 Rxg1+ 89. Kxg1 Qe3+ 90. Qxe3 fxe3 91. Kf1 Be5 92. Ke2 f4
93. Ke1 Bxc3+ 94. Ke2 Bb4 95. Kd1 c3 96. Ke2 c2 97. Kd3 c1=Q 98. Ke4 e2 99. Ke5
e1=Q+ 100. Kf5 Qc5+ 101. Kxf4 Qee3+ 102. Kg4 Qeg5# 0-1

[Event "ICS rated blitz match"]
[Site "204.178.125.65"]
[Date "2000.02.07"]
[Round "?"]
[White "Hossa"]
[Black "Beadle"]
[Result "0-1"]
[WhiteElo "2355"]
[BlackElo "2607"]
[PlyCount "212"]

1. e4 Nc6 2. Nf3 e5 3. Bb5 a6 4. Bxc6 dxc6 5. Nc3 f6 6. O-O Bc5 7. d3 Ne7 8.
Be3 Bxe3 9. fxe3 Be6 10. Qe1 O-O 11. Qh4 Qd6 12. Rab1 Rad8 13. Qf2 Qb4 14. a3
Qb6 15. b4 Qa7 16. a4 a5 17. bxa5 Qxa5 18. Qd2 b6 19. Rf2 Kh8 20. Rbf1 Rg8 21.
Qe1 Rd6 22. Qa1 Qc5 23. d4 exd4 24. exd4 Rxd4 25. Nxd4 Qxd4 26. a5 Ra8 27. Qa3
c5 28. a6 Bc4 29. Rd1 Qe3 30. Nb5 Qxa3 31. Nxa3 Bxa6 32. Rd7 Nc6 33. Rxc7 Rd8
34. g3 Ne5 35. Ra7 Bc8 36. Kg2 Ng4 37. Re2 Ne5 38. h3 Kg8 39. Rf2 Bd7 40. Nb1
f5 41. Nc3 fxe4 42. Nd5 Be6 43. Ne7+ Kh8 44. Re2 Nf7 45. Rxe4 Ng5 46. Rh4 h6
47. Kf1 Bxh3+ 48. Ke2 Rd6 49. c4 Kh7 50. Rb7 Bg2 51. Rc7 Be4 52. Nc8 Rf6 53.
Re7 Bf5 54. Na7 Re6+ 55. Rxe6 Nxe6 56. Ke3 Nd4 57. Rf4 Kg6 58. Rf2 Kg5 59. Rf4
g6 60. Rf1 Kg4 61. Kf2 h5 62. Rd1 Be6 63. Rc1 g5 64. Rc3 h4 65. gxh4 gxh4 66.
Kg2 h3+ 67. Rxh3 Bxc4 68. Rc3 Be6 69. Rc1 Bf5 70. Kf2 Kf4 71. Kg2 Ke5 72. Kh2
Kd5 73. Rf1 Bd3 74. Rf7 b5 75. Nc8 b4 76. Nb6+ Ke6 77. Rf8 Bb5 78. Rd8 b3 79.
Nd5 b2 80. Nc3 Bc4 81. Rb8 Bb3 82. Kg2 Kd7 83. Rb7+ Kc6 84. Rb8 Kc7 85. Rf8 Ne2
86. Nb1 Bc2 87. Rf1 c4 88. Na3 Bd3 89. Rf7+ Kb6 90. Rf8 c3 91. Kf3 Kc7 92. Ke3
Nc1 93. Rf7+ Kc6 94. Rf4 c2 95. Rf6+ Kd5 96. Rf8 b1=Q 97. Rc8 Qb6+ 98. Kd2 Qh6+
99. Kc3 Qf6+ 100. Kb4 Qb6+ 101. Nb5 Na2+ 102. Kb3 Qxb5+ 103. Ka3 Qb4+ 104. Kxa2
Bc4+ 105. Rxc4 Qxc4+ 106. Kb2 c1=Q# 0-1

[Event "ICS rated blitz match"]
[Site "204.178.125.65"]
[Date "2000.02.07"]
[Round "?"]
[White "Hossa"]
[Black "tigermeow"]
[Result "1-0"]
[WhiteElo "2349"]
[BlackElo "1213"]
[PlyCount "89"]

1. e4 e5 2. Nf3 Nc6 3. Bb5 a6 4. Ba4 b5 5. Bb3 Nf6 6. a4 Nxe4 7. axb5 Nd4 8.
Bd5 c6 9. Bxe4 d5 10. Nxd4 exd4 11. Bd3 Qe7+ 12. Qe2 Bb7 13. bxc6 Qxe2+ 14.
Bxe2 Bxc6 15. Rxa6 Rxa6 16. Bxa6 Bc5 17. Bd3 O-O 18. b3 Re8+ 19. Kd1 Bd7 20.
Ba3 Bb6 21. Re1 Rxe1+ 22. Kxe1 Bc7 23. h3 f5 24. Bc5 Be5 25. b4 Bc8 26. b5 Bb7
27. Bxf5 g6 28. Be6+ Kg7 29. Ke2 Kf6 30. Bd7 Ba8 31. Kd3 h6 32. Bxd4 Bxd4 33.
Kxd4 Bb7 34. Bg4 g5 35. Bf3 Ke7 36. Bxd5 Bxd5 37. Kxd5 Kd7 38. Nc3 Ke7 39. Kc6
Kd8 40. b6 Kc8 41. b7+ Kb8 42. Ne4 g4 43. Kb6 gxh3 44. Nf6 hxg2 45. Nd7# 1-0

[Event "ICS rated blitz match"]
[Site "204.178.125.65"]
[Date "2000.02.07"]
[Round "?"]
[White "Trademark"]
[Black "Hossa"]
[Result "1/2-1/2"]
[WhiteElo "2167"]
[BlackElo "2349"]
[PlyCount "82"]

1. e4 e5 2. Nf3 Nf6 3. Nc3 Nc6 4. d4 exd4 5. Nd5 Nxd5 6. exd5 Bb4+ 7. Bd2 Qe7+
8. Qe2 Bxd2+ 9. Kxd2 Qxe2+ 10. Bxe2 Ne7 11. d6 cxd6 12. Nxd4 Kd8 13. Nb5 Nf5
14. Bd3 a6 15. Bxf5 axb5 16. Rhe1 b4 17. Re4 b3 18. cxb3 g6 19. Bh3 h5 20. a4
f5 21. Rd4 Ra6 22. b4 Re8 23. g3 Re4 24. Rxe4 fxe4 25. b5 Rb6 26. Ke3 d5 27.
Rd1 Rd6 28. Bg2 Ke7 29. f3 exf3 30. Bxf3 b6 31. b4 Bb7 32. Kd4 Rf6 33. Rd3 g5
34. a5 g4 35. Bxd5 Bxd5 36. Kxd5 Re6 37. a6 Re1 38. Ra3 Rd1+ 39. Ke4 Re1+ 40.
Kd5 Rd1+ 41. Ke4 Re1+ 1/2-1/2

[Event "ICS rated blitz match"]
[Site "204.178.125.65"]
[Date "2000.02.07"]
[Round "?"]
[White "Tinker"]
[Black "Hossa"]
[Result "0-1"]
[WhiteElo "2332"]
[BlackElo "2345"]
[PlyCount "148"]

1. e4 e5 2. Nf3 Nf6 3. Nxe5 d6 4. Nf3 Nxe4 5. Bb5+ c6 6. Qe2 Qe7 7. Bd3 Nc5 8.
O-O Bg4 9. b4 Nxd3 10. Qxd3 Qf6 11. Qe4+ Qe6 12. Qxe6+ fxe6 13. Nd4 e5 14. Nb3
Na6 15. b5 Nb4 16. Na3 Bf5 17. bxc6 bxc6 18. Na5 Nxc2 19. Nxc2 Bxc2 20. Nxc6 a5
21. d4 Kd7 22. Bd2 Kxc6 23. Rac1 exd4 24. Rxc2+ Kd5 25. Re1 h5 26. Rc7 g6 27.
f4 a4 28. Kh1 Bh6 29. Rec1 Rhb8 30. h4 Rb2 31. Rd1 Rxa2 32. Bc3 Ke6 33. Rxd4
Rf2 34. g3 Bf8 35. Kg1 Rc2 36. Rd1 Re2 37. Kf1 Re4 38. Kg2 Rb8 39. Ra7 Rb3 40.
Bd4 a3 41. Bf2 Be7 42. Ra1 d5 43. Ra6+ Kf5 44. Rd1 Rb5 45. Bd4 Re6 46. Ra7 Kg4
47. Rd3 Re2+ 48. Kf1 Rh2 49. Rxe7 Rb1+ 50. Re1 Rh1+ 51. Kf2 Rhxe1 52. Rxa3 Red1
53. Be5 d4 54. Ke2 Rg1 55. Kf2 Kh3 56. g4+ Kxg4 57. Bxd4 Kxh4 58. Be3 Rg3 59.
Rd3 Kh3 60. Ke2 Rb2+ 61. Kd1 Kg4 62. Rd2 Rxd2+ 63. Kxd2 Rxe3 64. Kxe3 h4 65.
Kf2 Kxf4 66. Kg2 g5 67. Kh3 Kf3 68. Kh2 g4 69. Kg1 g3 70. Kf1 g2+ 71. Ke1 g1=Q+
72. Kd2 Qc5 73. Kd3 Qb4 74. Kc2 Ke3 0-1

[Event "ICS rated standard match"]
[Site "204.178.125.65"]
[Date "2000.02.07"]
[Round "?"]
[White "Tinker"]
[Black "Hossa"]
[Result "0-1"]
[WhiteElo "2241"]
[BlackElo "2240"]
[PlyCount "114"]

1. e4 e5 2. Nf3 Nf6 3. Nxe5 d6 4. Nf3 Nxe4 5. Bb5+ c6 6. Qe2 Qe7 7. Bd3 Nc5 8.
O-O Bg4 9. Na3 Nbd7 10. Qxe7+ Bxe7 11. Be2 d5 12. Re1 O-O 13. Nd4 Bxe2 14. Nxe2
Rae8 15. d4 Ne6 16. b3 Bb4 17. Rd1 Nc7 18. Kf1 Re4 19. Nb1 Rfe8 20. Nbc3 R4e7
21. Bg5 f6 22. Bd2 Kh8 23. Kg1 b6 24. Rab1 f5 25. Bf4 Ne6 26. Bd2 Bxc3 27. Bxc3
Nc7 28. Nf4 Re4 29. Nh3 Nb5 30. Bb2 Nd6 31. Rdc1 Kg8 32. c3 h6 33. a4 g5 34.
Ba3 Nb7 35. f3 Re3 36. Nf2 Kg7 37. Bb2 Na5 38. Rd1 Nxb3 39. Nd3 Re2 40. Ba3 Nd2
41. Ra1 Nc4 42. Bc1 Nf6 43. Kh1 a5 44. f4 Ne4 45. Rf1 g4 46. Ne5 Re6 47. Nxc4
dxc4 48. Kg1 Nxc3 49. Ra3 Ne4 50. Be3 Rd6 51. Kh1 c3 52. Bg1 g3 53. h3 Kf7 54.
Rc1 Nf2+ 55. Bxf2 gxf2 56. Raa1 Rxd4 57. Kh2 c2 0-1

[Event "ICS rated blitz match"]
[Site "204.178.125.65"]
[Date "2000.02.07"]
[Round "?"]
[White "Hossa"]
[Black "wind"]
[Result "1-0"]
[WhiteElo "2360"]
[BlackElo "1814"]
[PlyCount "121"]

1. e4 c5 2. Nc3 Nc6 3. g3 d6 4. Bg2 g6 5. Nf3 Bg7 6. O-O e6 7. d3 Nge7 8. Be3
Nd4 9. Bg5 O-O 10. Nxd4 cxd4 11. Ne2 Rb8 12. Qd2 b5 13. Bh6 Qb6 14. Bxg7 Kxg7
15. Qg5 f6 16. Qh4 e5 17. f4 Be6 18. fxe5 dxe5 19. Bh3 Bg8 20. Rf2 Rb7 21. Raf1
Qd6 22. Nc1 Rc7 23. a3 g5 24. Qh5 Ng6 25. Bf5 a5 26. Qf3 b4 27. axb4 axb4 28.
Bh3 Qc6 29. Qf5 Re7 30. Bg2 Be6 31. Qf3 Bc8 32. Kh1 Ba6 33. Bh3 Rc7 34. Nb3 Re7
35. Bf5 Bb5 36. Ra1 Rff7 37. Qh5 Ra7 38. Ra5 Rxa5 39. Nxa5 Qb6 40. Nb3 Qc6 41.
Qg4 Qb6 42. Kg1 Qc6 43. Be6 Rf8 44. Qh3 Qd6 45. Bf5 Qe7 46. Rf3 Ra8 47. Qf1 Ra2
48. Qb1 Ra7 49. Rf2 Qd6 50. Kh1 Qa6 51. Qf1 Qb6 52. Qd1 Qd6 53. Qe1 Qb8 54.
Qxb4 Rb7 55. Nc5 Rb6 56. Ne6+ Kf7 57. Bxg6+ hxg6 58. Nxg5+ Kg7 59. Qe7+ Kh6 60.
Qh7+ Kxg5 61. Qh4# 1-0

[Event "ICS rated bullet match"]
[Site "204.178.125.65"]
[Date "2000.02.07"]
[Round "?"]
[White "Mikromurks"]
[Black "Hossa"]
[Result "0-1"]
[WhiteElo "2198"]
[BlackElo "2442"]
[PlyCount "52"]

1. e3 g6 2. Nf3 Bg7 3. d4 Nf6 4. c3 O-O 5. Bd3 d5 6. Nbd2 Nbd7 7. Qe2 c5 8. Ne5
Nxe5 9. dxe5 Ne8 10. f4 f6 11. exf6 Nxf6 12. O-O Bg4 13. Qf2 e6 14. h3 Bf5 15.
Bxf5 exf5 16. c4 dxc4 17. Nxc4 Qd5 18. Qc2 Rad8 19. Rb1 b5 20. Na5 Qxa2 21. Nb3
c4 22. Nd4 Nd5 23. Ne6 Nb4 24. Qe2 Qxb1 25. Nxf8 Kxf8 26. Bd2 Qxb2 0-1

[Event "ICS rated bullet match"]
[Site "204.178.125.65"]
[Date "2000.02.07"]
[Round "?"]
[White "Hossa"]
[Black "GiantSlayer"]
[Result "1-0"]
[WhiteElo "2455"]
[BlackElo "1172"]
[PlyCount "27"]

1. e4 g6 2. d4 Bg7 3. Nc3 d6 4. Be2 e6 5. Nf3 Nd7 6. O-O Ne7 7. Bg5 O-O 8. Qd2
f6 9. Bh6 Bxh6 10. Qxh6 f5 11. Ng5 Nf6 12. e5 dxe5 13. dxe5 Nh5 14. Qxh7# 1-0

[Event "ICS rated blitz match"]
[Site "204.178.125.65"]
[Date "2000.02.07"]
[Round "?"]
[White "CHESTER7"]
[Black "Hossa"]
[Result "0-1"]
[WhiteElo "1265"]
[BlackElo "2361"]
[PlyCount "51"]

1. e4 e5 2. Nf3 Nf6 3. Nxe5 d6 4. Nf3 Nxe4 5. Qe2 Qe7 6. d3 Nf6 7. Qxe7+ Bxe7
8. Bd2 O-O 9. Nc3 Re8 10. O-O-O Ng4 11. Be3 Nc6 12. h3 Nxe3 13. fxe3 Be6 14. g4
d5 15. Bg2 Nb4 16. Kb1 c5 17. e4 dxe4 18. Nxe4 Bxa2+ 19. Kc1 Nd5 20. b3 Ne3 21.
Rd2 c4 22. Kb2 Bxb3 23. cxb3 cxd3 24. Ne1 Bb4 25. Rxd3 Nxg2 26. Nf3 0-1

[Event "ICS rated blitz match"]
[Site "204.178.125.65"]
[Date "2000.02.07"]
[Round "?"]
[White "Hossa"]
[Black "Murf98"]
[Result "1-0"]
[WhiteElo "2361"]
[BlackElo "1623"]
[PlyCount "61"]

1. e4 c5 2. Nc3 e6 3. Nf3 g6 4. d4 cxd4 5. Qxd4 Qf6 6. e5 Qd8 7. Nb5 a6 8. Nd6+
Bxd6 9. Qxd6 Qe7 10. Bd3 Qxd6 11. exd6 f5 12. Bg5 Kf7 13. O-O-O h6 14. Be3 Nc6
15. Bb6 Nf6 16. Bc4 a5 17. Rhe1 Ne4 18. h4 a4 19. a3 Na5 20. Bb5 Nc6 21. Re2
Kf6 22. Bxc6 bxc6 23. Bd4+ Kf7 24. Bxh8 Ba6 25. Ne5+ Kg8 26. Rxe4 fxe4 27. Bf6
Be2 28. Re1 Bb5 29. Nxd7 Kf7 30. Be7 Bc4 31. Ne5+ 1-0

[Event "ICS rated blitz match"]
[Site "204.178.125.65"]
[Date "2000.02.07"]
[Round "?"]
[White "Hossa"]
[Black "davsig"]
[Result "1-0"]
[WhiteElo "2361"]
[BlackElo "1894"]
[PlyCount "45"]

1. e4 e5 2. Nf3 Nc6 3. Bb5 Bc5 4. c3 Nge7 5. O-O a6 6. Ba4 b5 7. Bc2 d6 8. d4
Ba7 9. dxe5 dxe5 10. Qxd8+ Kxd8 11. Nbd2 f6 12. Rd1 Ke8 13. a4 bxa4 14. Bxa4
Bb6 15. Nc4 Kf7 16. Nxb6 cxb6 17. Be3 b5 18. Bxb5 Be6 19. Bxa6 Rhd8 20. Rxd8
Nxd8 21. b4 Bc4 22. Bxc4+ Kg6 23. Rxa8 1-0

[Event "ICS Rated blitz match"]
[Site "204.178.125.65"]
[Date "2000.02.07"]
[Round "?"]
[White "Hossa"]
[Black "ChessAcademy"]
[Result "1-0"]
[WhiteElo "2365"]
[BlackElo "1422"]
[PlyCount "79"]

1. e4 Nc6 2. Nf3 d5 3. exd5 Qxd5 4. d4 Bg4 5. Be2 O-O-O 6. c4 Qe6 7. d5 Qe4 8.
Nbd2 Qg6 9. Nh4 Bxe2 10. Nxg6 Bxd1 11. Nxh8 Nd4 12. Kxd1 Nf6 13. Nxf7 e6 14.
Nxd8 Kxd8 15. Nb3 Nxb3 16. axb3 exd5 17. Rxa7 dxc4 18. Be3 Bd6 19. bxc4 Ng4 20.
h3 Ne5 21. c5 Be7 22. Rxb7 Kc8 23. Rb3 Nc4 24. Rc3 Nxb2+ 25. Kc2 Na4 26. Rc4
Nxc5 27. Bxc5 Bf6 28. Bd4 Be7 29. Bxg7 Bd6 30. Rh4 Kd7 31. Rxh7 Kc6 32. Rd1 Kb5
33. Bf6 Kc4 34. Bd8 Kc5 35. Bxc7 Bxc7 36. Rxc7+ Kb6 37. Rc3 Kb5 38. Rb1+ Ka4
39. Kd3 Ka5 40. Ra3# 1-0

[Event "ICS Rated blitz match"]
[Site "204.178.125.65"]
[Date "2000.02.07"]
[Round "?"]
[White "ChessAcademy"]
[Black "Hossa"]
[Result "0-1"]
[WhiteElo "1422"]
[BlackElo "2365"]
[PlyCount "102"]

1. e4 e5 2. Nf3 Nf6 3. Nxe5 d6 4. Nf3 Nxe4 5. Qe2 Qe7 6. d3 Nf6 7. Bg5 Qxe2+ 8.
Bxe2 Be7 9. O-O O-O 10. h3 Nc6 11. Nbd2 Re8 12. Rab1 Nd5 13. Bxe7 Rxe7 14. Rbe1
Be6 15. Ng5 Rae8 16. Bf3 Ndb4 17. Nxe6 Rxe6 18. Rxe6 Rxe6 19. Bg4 Re7 20. c3
Nxd3 21. Nc4 Nce5 22. Nxe5 Rxe5 23. f4 Ra5 24. Rd1 Nxf4 25. a3 Re5 26. b4 Ne2+
27. Bxe2 Rxe2 28. Kf1 Ra2 29. Re1 Kf8 30. Re4 Rxa3 31. c4 Ra4 32. b5 d5 33. Rh4
Rxc4 34. Rxh7 Kg8 35. Rh5 Rc5 36. Ke2 f6 37. Rf5 Rxb5 38. Kd3 b6 39. Kd4 c6 40.
Kc3 d4+ 41. Kxd4 Rxf5 42. Ke4 Re5+ 43. Kf4 a5 44. g4 a4 45. h4 a3 46. h5 a2 47.
h6 a1=Q 48. h7+ Kxh7 49. g5 Qf1+ 50. Kg4 Rxg5+ 51. Kh4 Qh1# 0-1

[Event "ICS rated blitz match"]
[Site "204.178.125.65"]
[Date "2000.02.07"]
[Round "?"]
[White "Jeano"]
[Black "Hossa"]
[Result "0-1"]
[WhiteElo "1559"]
[BlackElo "2365"]
[PlyCount "76"]

1. e4 e5 2. Nf3 Nf6 3. Nc3 Nc6 4. Bb5 Bb4 5. Bxc6 dxc6 6. Nxe5 Qe7 7. Nf3 Bxc3
8. bxc3 Qxe4+ 9. Qe2 Qxe2+ 10. Kxe2 O-O 11. Re1 Bg4 12. h3 Rfe8+ 13. Kf1 Bxf3
14. Rxe8+ Rxe8 15. gxf3 a6 16. d3 Nd5 17. Bd2 b5 18. Re1 Rxe1+ 19. Kxe1 c5 20.
c4 bxc4 21. dxc4 Nb6 22. Be3 Nxc4 23. Bxc5 f5 24. Ke2 Kf7 25. Kd3 Ne5+ 26. Ke3
Ke6 27. f4 Nc4+ 28. Kd4 Nd2 29. Bf8 g6 30. Kc5 Kd7 31. Kb4 Kc6 32. Ka5 Kb7 33.
Bc5 Nf3 34. Be3 Ng1 35. h4 Nf3 36. h5 gxh5 37. Bc5 h4 38. Be7 h3 0-1

[Event "ICS rated blitz match"]
[Site "204.178.125.65"]
[Date "2000.02.07"]
[Round "?"]
[White "Hossa"]
[Black "Jeano"]
[Result "1-0"]
[WhiteElo "2365"]
[BlackElo "1559"]
[PlyCount "105"]

1. e4 e6 2. d4 d5 3. Nc3 Nf6 4. Bd3 Bd7 5. e5 Ng8 6. Nf3 c5 7. O-O c4 8. Be2
Ne7 9. b3 cxb3 10. axb3 Qc7 11. Nb5 Bxb5 12. Bxb5+ Nd7 13. Be3 Nc6 14. c4 a6
15. cxd5 exd5 16. Bxc6 bxc6 17. Qd3 a5 18. Rfc1 Qb6 19. Qc2 Bb4 20. Qxc6 Qxc6
21. Rxc6 O-O 22. Rc7 Nb6 23. Rac1 a4 24. bxa4 Nxa4 25. Ng5 h6 26. Nf3 Nb2 27.
Rd7 Nc4 28. Rxd5 Nxe3 29. fxe3 Ra3 30. Rb5 Be7 31. Rb7 Bg5 32. Nxg5 hxg5 33.
Kf2 Ra2+ 34. Kg3 Re2 35. Kf3 Rd2 36. h3 Ra8 37. Rcc7 Raa2 38. Ke4 Rf2 39. g4
Rae2 40. e6 fxe6 41. Rxg7+ Kf8 42. Rh7 Kg8 43. Rbg7+ Kf8 44. Rxg5 Rh2 45. Ra5
Kg8 46. Raa7 Rhf2 47. Rhe7 Kf8 48. g5 Rh2 49. Rec7 Rxe3+ 50. Kxe3 Rxh3+ 51. Kf2
Rh2+ 52. Kg3 Rf2 53. Ra8# 1-0

[Event "ICS rated blitz match"]
[Site "204.178.125.65"]
[Date "2000.02.07"]
[Round "?"]
[White "Jeano"]
[Black "Hossa"]
[Result "0-1"]
[WhiteElo "1559"]
[BlackElo "2365"]
[PlyCount "48"]

1. e4 e5 2. Nf3 Nf6 3. Nc3 Nc6 4. Bc4 Nxe4 5. Bxf7+ Kxf7 6. Nxe4 Be7 7. O-O d5
8. Ng3 Rf8 9. Re1 e4 10. Ne5+ Nxe5 11. d4 Bg4 12. f3 exf3 13. gxf3 Nxf3+ 14.
Kh1 Nxh2 15. Rf1+ Nxf1 16. Qxg4 Nxg3+ 17. Qxg3 Kg8 18. Bf4 Bh4 19. Qh2 c6 20.
Rg1 Rf7 21. Rg4 Be7 22. Bh6 Qd7 23. Qg2 Bd6 24. Bxg7 Rxg7 0-1

[Event "ICS Rated blitz match"]
[Site "204.178.125.65"]
[Date "2000.02.07"]
[Round "?"]
[White "Hossa"]
[Black "Sytherion"]
[Result "1-0"]
[WhiteElo "2365"]
[BlackElo "1190"]
[PlyCount "35"]

1. e4 e6 2. d4 Nf6 3. e5 Nd5 4. Nf3 c5 5. c4 Nb6 6. Bg5 f6 7. Bh4 cxd4 8. exf6
Bb4+ 9. Nbd2 gxf6 10. Nxd4 O-O 11. Qg4+ Kf7 12. Bd3 h6 13. Qg6+ Ke7 14. O-O-O
Bxd2+ 15. Rxd2 Na4 16. Nxe6 dxe6 17. Qg7+ Ke8 18. Bg6+ 1-0

[Event "ICS Rated blitz match"]
[Site "204.178.125.65"]
[Date "2000.02.07"]
[Round "?"]
[White "Beadle"]
[Black "Hossa"]
[Result "1-0"]
[WhiteElo "2568"]
[BlackElo "2365"]
[PlyCount "59"]

1. e4 e5 2. Nf3 Nf6 3. Nxe5 d6 4. Nf3 Nxe4 5. Nc3 Nf6 6. d4 Nbd7 7. Bb5 Be7 8.
O-O c6 9. Bd3 O-O 10. Qe2 Re8 11. Bf4 d5 12. Qd2 Qb6 13. a3 Ne4 14. Bxe4 dxe4
15. Nxe4 Bxa3 16. bxa3 Rxe4 17. Rfe1 f5 18. Ng5 Rxe1+ 19. Qxe1 Nf6 20. Qe7 Bd7
21. Be5 c5 22. dxc5 Qc6 23. Qf7+ Kh8 24. Rd1 Re8 25. Rd6 Qb5 26. h3 Qa4 27.
Rxf6 Qb3 28. Qf8+ Rxf8 29. Rxf8+ Qg8 30. Nf7# 1-0

[Event "ICS Rated blitz match"]
[Site "204.178.125.65"]
[Date "2000.02.07"]
[Round "?"]
[White "Hossa"]
[Black "Amateur"]
[Result "0-1"]
[WhiteElo "2357"]
[BlackElo "2508"]
[PlyCount "82"]

1. e4 e6 2. d4 d5 3. Nc3 Bb4 4. a3 Bxc3+ 5. bxc3 dxe4 6. Qg4 Nf6 7. Qxg7 Rg8 8.
Qh6 Rg6 9. Qf4 Bd7 10. c4 Nc6 11. c3 Na5 12. Rb1 Ba4 13. f3 Bc6 14. Qe5 exf3
15. gxf3 Ne4 16. fxe4 Qh4+ 17. Kd1 Qf2 18. Bd2 Qxf1+ 19. Kc2 Qg2 20. d5 O-O-O
21. Rb4 Qxh1 22. Ne2 Rg2 23. Nd4 Rxh2 24. Qf4 Bd7 25. Qf3 Qa1 26. Qf4 Qa2+ 27.
Kd3 Rh3+ 28. Be3 c5 29. dxc6 Nxc6 30. Rb5 e5 31. Rxe5 Qb1+ 32. Ke2 Rh1 33. Bc1
Rxc1 34. Rf5 Nxd4+ 35. cxd4 Rc2+ 36. Qd2 Bxf5 37. Qxc2 Qxc2+ 38. Ke3 Qxe4+ 39.
Kf2 Qf4+ 40. Ke2 Bc2 41. d5 Re8# 0-1